Countries With the Word “So” in Their Names - Statistics

General Stats
  • This quiz has been taken 63 times
  • The average score is 6 of 7
Answer Stats
Continent Countries % Correct
Africa South Africa
93%
Asia South Korea
93%
Africa Somalia
89%
Africa South Sudan
88%
Africa Lesotho
77%
Oceania Solomon Islands
77%
Africa Burkina Faso
58%
No matching quizzes found
Score Distribution
Percent of People with Each Score
Percentile by Number Answered
Your Score History
You have not taken this quiz